Assorted Hollow Knight trivia - Statistics

General Stats
  • This quiz has been taken 180 times
  • The average score is 9 of 20
Answer Stats
Clue Answer % Correct
First attainable charm withoutmajor glitches Fury of the Fallen
87%
Amount of Geo required to buyRancid egg from Sly 60
76%
The shortest dreamer Lurien
71%
Area that extends furthest leftaccording to in-game map Deepnest
67%
Item used to see all uncollectedgrubs on the map Collector's map
61%
The second DLC addedto Hollow knight The Grimm Troupe
53%
Area that extends furthestleft in reality
(according to TheEmbracedOne's map)
Greenpath
48%
Relic implied to be Lemm's leastfavourite (through his dialogue) Hallownest seal
48%
Upgraded Vengeful Spirit Shade Soul
48%
The thing Leg Eater believes willmake him king Geo / Enough Geo
43%
Enemy that guards one of thefirst grubs Husk guard
42%
Charm that is the 'mid-tier' of the 3lifeblood charms Lifeblood core
41%
Any colosseum exclusive enemy(bosses not included) Armoured Squit | Battle Obble | Death Loodle| Heavy Fool | Sharp Baldur | Shielded Fool | Sturdy Fool | Volt Twister | Winged Fool
38%
Sub-area where a Wyrm can be found Cast-off Shell | White Palace
31%
Sub-area containing objectsintended to prevent a certain god from being forgotten... Hallownest's crown
28%
A colosseum enemy that alsoappears in the infected crossroads Furious Vengefly | Volatile Gruzzer
26%
First boss in the Pantheon of the Sage Hive Knight
24%
Insect seen around nearly everylifeblood cocoon Butterfly
20%
Name of the only other creature that isknown to be the same species as Tuk Boon
18%
...The area of the only cocoon in thegame without this insect around it Ancestral Mound | Forgotten Crossroads| Infected Crossroads
9%
No matching quizzes found
Score Distribution
Percent of People with Each Score
Percentile by Number Answered
Your Score History
You have not taken this quiz